LEADER 02272nam0 22005773i 450 001 VAN00299850 005 20260123110514.320 017 70$2N$a9783540484073 100 $a20251027d1999 |0itac50 ba 101 $afre$aENG 102 $aDE 105 $a|||| ||||| 181 $ai$b e 182 $ab 183 $acr 200 1 $aSéminaire de Probabilités 33. / J. Azema ... [ et al.] (eds.) 210 $aBerlin$aHeidelberg$cSpringer$d1999 215 $aviii, 419 p.$d24 cm 410 1$1001VAN00254602$12001 $aSéminaire de Probabilités$1210 $aBerlin [etc.]$cSpringer$v33 461 1$1001VAN00102250$12001 $aLecture notes in mathematics$1210 $aBerlin [etc.]$cSpringer$v1709 517 1$3VAN00300511$aSéminaire de Probabilités XXXIII 606 $a60Gxx$xStochastic processes [MSC 2020]$3VANC020000$2MF 606 $a60Hxx$xStochastic analysis [MSC 2020]$3VANC019765$2MF 606 $a60Jxx$xMarkov processes [MSC 2020]$3VANC019842$2MF 610 $aAlgorithms$9KW:K 610 $aBrownian Motion$9KW:K 610 $aBrownian bridge$9KW:K 610 $aBrownian filtration$9KW:K 610 $aDiffusion$9KW:K 610 $aFiltration$9KW:K 610 $aLocal time$9KW:K 610 $aMarkov Chains$9KW:K 610 $aMartingales$9KW:K 610 $aNatural filtration$9KW:K 610 $aProbability$9KW:K 610 $aProbability Theory$9KW:K 610 $aStochastic processes$9KW:K 610 $aUniform integrability$9KW:K 620 $dBerlin$3VANL000066 620 $aDE$dHeidelberg$3VANL000282 702 1$aAzéma$bJacques$3VANV040929$4340 712 $aSpringer $3VANV108073$4650 790 1$aAzéma, J.$zAzéma, Jacques$3VANV260044 801 $aIT$bSOL$c20260327$gRICA 856 4 $uhttps://doi.org/10.1007/BFb0096508$zE-book ? Accesso al full-text attraverso riconoscimento IP di Ateneo, proxy e/o Shibboleth 899 $aBIBLIOTECA DEL DIPARTIMENTO DI MATEMATICA E FISICA$1IT-CE0120$2VAN08 912 $fN 912 $aVAN00299850 950 $aBIBLIOTECA DEL DIPARTIMENTO DI MATEMATICA E FISICA$d08DLOAD e-Book 13017 $e08eMF13017 20251112 996 $aSéminaire de Probabilités 33.$94448297 997 $aUNICAMPANIA